We Made It - Louis Tomlinson (All Lyrics) - Statistics

General Stats
  • This quiz has been taken 675 times
  • The average score is 258 of 362
Answer Stats
We Made It % Correct
I
100%
it
100%
made
100%
we
100%
We
100%
a
98%
Chorus Cause
94%
cause
94%
the
94%
no
92%
No
92%
say
92%
good
91%
we're
90%
were
90%
you
90%
in
89%
Now
89%
now
89%
goodbye
88%
to
88%
And
87%
and
87%
time
87%
saying
86%
Underestimated
86%
always
85%
be
85%
your
85%
hard
83%
times
83%
underrated
82%
Yeah
81%
yeah
81%
Waving
79%
first
78%
at
77%
Never
76%
never
76%
Remember
76%
remember
76%
alright
75%
doorstep
73%
hand
72%
mine
72%
with
72%
With
72%
eyes
70%
so
70%
how
69%
into
69%
Looking
69%
Verse 1 | Verse 2 Oh
69%
down
68%
Met
68%
my
68%
tasted
68%
coming
67%
drink
67%
Like
66%
like
66%
night
66%
on
65%
high
64%
all
62%
Baby
62%
still
62%
what
62%
out
61%
uni
60%
those
59%
It's
58%
gonna
56%
nights
55%
about
54%
cheap
54%
just
54%
Meet
54%
dream
53%
tell
52%
each
51%
know
51%
loud
51%
other
51%
us
51%
else
50%
kids
50%
they
50%
bed
49%
could
49%
someone
49%
Things
49%
drinks
48%
only
47%
Share
47%
single
47%
that
46%
work
46%
em'
45%
see
45%
we'd
45%
if
44%
sunrise
44%
til'
44%
Staying
43%
would
42%
Knew
41%
tryna
41%
Wonder
41%
From
38%
God
36%
they'd
35%
think
35%
when
35%
When
35%
for
34%
Don't
33%
don't
33%
become
31%
young
31%
more
28%
put
27%
something
27%
why
26%
you're
26%
could've
25%
this
25%
of
24%
but
23%
pretty
22%
Smoke
22%
job
21%
Done
20%
Nothing
19%
same
19%
change
18%
four
18%
world
18%
need
17%
chords
15%
poppy
15%
Singing
15%
Used
15%
worry
15%
dealing
14%
here
14%
bout'
13%
No matching quizzes found
Score Distribution
Percent of People with Each Score
Percentile by Number Answered
Your Score History
You have not taken this quiz